Famous Landmarks - Statistics

General Stats
  • This quiz has been taken 14 times
  • The average score is 3 of 10
Answer Stats
Hint Answer % Correct
New York City(statue) Statue of Liberty
100%
China(wall) The Great Wall of China
93%
San Francisco(bridge) Golden Gate Bridge
71%
Paris(tower) Eifel Tower
50%
London(tower) Big Ben
0%
Toronto(tower) CN Tower
0%
New York(tower) Empire State Building
0%
China(palace) Summer Palace
0%
India(palace) Taj Mahal
0%
Washington D.C(building) The White House
0%
No matching quizzes found
Score Distribution
Percent of People with Each Score
Percentile by Number Answered
Your Score History
You have not taken this quiz